000 00875nas a2200289 4500
001 BR0303567
003 BR-BrBNA
005 20231205103917.0
007 ta
008 230509b bl.|||p| |||| 00| 00por d
040 _aBR-BrBNA
_bpor
_cBiblioteca Nacional de Agricultura
041 _a(Pt)
072 _aF60; L02
100 1 _aMello, R.
100 1 _aNornberg, J.L.
100 1 _aRocha, M.G. da
100 1 _aDavid, D.B. de
245 1 _aAnálise produtiva e qualitativa de um híbrido de sorgo interespecífico submetido a dois cortes
650 _aSORGO
650 _aHIBRIDO
650 _aCORTE
650 _aCOMPOSIÇÃO QUÍMICA
650 _aVALOR NUTRITIVO
773 0 _tRevista Brasileira de Milho e Sorgo (Brazil)
_xISSN 1676-689X
_g(Jan-Apr 2003), v. 2(1) p. 20-33
_wBR0303567
909 _a202311
_bLúcia
_c55
_dLúcia Elande
942 _2AGRIS
_n0
_cANA
999 _c175381
_d175381